[Event "Olympiad-39"]
[Site "Khanty-Mansiysk"]
[Date "2010.09.27"]
[Round "6.1"]
[White "Adams, Michael"]
[Black "Carlsen, Magnus"]
[Result "1-0"]
[WhiteElo "2728"]
[BlackElo "2826"]
[Annotator "CB"]
[PlyCount "75"]
[EventDate "2010.09.21"]
[EventType "team-swiss"]
[EventRounds "11"]
[EventCountry "RUS"]
[SourceTitle "CBM 139"]
[Source "ChessBase"]
[SourceDate "2010.11.18"]
[SourceVersion "1"]
[SourceVersionDate "2010.11.18"]
[SourceQuality "1"]
[WhiteTeam "England"]
[BlackTeam "Norway"]
[WhiteTeamCountry "ENG"]
[BlackTeamCountry "NOR"]

1. e4 g6 2. d4 Nf6 3. e5 Nh5 {#Avoiding question marks, or any other form of
punctuation to evaluate this opening, suffice it to say that the only games of
grandmasters on record, of which there are four, were played by notorious
opening mavericks: Morozevich, Miles, Hodgson, and Hillarp Persson.} 4. Be2 d6
{Both Morozevich and Miles preferred to fianchetto their knight with 4...Ng7
here.} 5. Nf3 Nc6 {Other than the oddly placed knight on h5, the structure and
pieces are identical to an Alekhine defense.} 6. exd6 exd6 7. d5 Ne7 8. c4 Bg7
9. Nc3 O-O 10. O-O Bg4 11. Re1 Re8 12. h3 Bxf3 13. Bxf3 Nf6 14. Bf4 Nd7 15. Rc1
Ne5 16. b3 a6 17. g3 Nf5 18. Bg2 g5 19. Bxe5 Bxe5 20. Ne4 Ng7 21. Qd2 h6 {
#Black is still struggling to find a good plan and while his bishop looks
strong on e5, it won't be able to stay there for long, while the knight on g7
is still seeking a suitable home.} 22. f4 gxf4 23. gxf4 Bf6 24. Kh2 Nh5 (24...
Bh4 25. Rg1 f5 26. Ng3 Bxg3+ 27. Kxg3 Nh5+ 28. Kh2 Kf7) 25. Rg1 Kh7 $6 {
This imprecision could lead to serious trouble due to the myriad of threats
that can be combined on the b1-h7 diagonal.} 26. Rcf1 Rg8 27. Qe2 Ng7 28. Qd3
$6 {Not the most precise.} (28. Nxf6+ $1 {was white's strongest continuation.}
Qxf6 29. Be4+ Kh8 30. Bb1 Qd4 31. Qg4 {Threatening Qh4.} Qf6 (31... Qb2+ 32.
Kh1 Qf6 33. Qf3 Qd4 (33... h5 {With the idea of protecting h7 with Qh6.} 34.
Rg5 Qh6 35. Rfg1 {and black is lost.}) 34. Rd1 Qb2 35. Rg2 Qf6 36. Qe4) 32. Qf3
Ne8 33. Qd3 $18) 28... Kh8 29. Bf3 {#} b5 ({The engines initially suggest} 
29... Bh4 {as an improvement, but deeper analysis shows that it still loses
after} 30. Qd4 Qe7 {#} (30... Kh7 31. Ng5+ $1 hxg5 32. fxg5 Bxg5 33. Be4+ f5
34. Bxf5+ Nxf5 35. Rxf5 Rg6 36. Qg4) 31. Rg4 $1 f5 32. Rg6 $1 Kh7 33. Rfg1 Rae8
(33... fxe4 34. Bxe4) 34. c5 $1 {The knight cannot be touched, and as a result,
black is now overwhelmed.} dxc5 (34... fxe4 35. Bxe4 {leads to mate.} Qxe4 36.
Rxg7+) 35. Qb2 Ref8 36. d6 $1 cxd6 37. Qg2 Qf7 38. Nxd6 {This is the point of
the double pawn push. Without it, black could still defend against the Qb2-Qg2
maneuver, which threatens Rxh6+ followed by mate. Now the queen can no longer
help and the fort collapses.}) 30. Bd1 bxc4 31. bxc4 Bh4 32. Bc2 f5 33. Rg6 Kh7
34. Rfg1 Qe7 {#} 35. Ng3 $2 (35. c5 $1 {was more expeditious.} Rad8 (35... fxe4
36. Qxe4 Qxe4 37. Bxe4) 36. Qe2 Qf8 37. cxd6 cxd6 38. Nc5 $1 dxc5 39. Qxa6 $18)
35... Bxg3+ $6 (35... Raf8 {would resist longer but still looks grim after} 36.
Qd4 Bxg3+ 37. R1xg3 Qf7 38. Qg1 Nh5 39. Rxg8 Rxg8 40. Rxg8 Qxg8 41. Bxf5+ Kh8
42. Bg4 Nf6 (42... Nxf4 43. Qd4+)) 36. Qxg3 Qf7 (36... Nh5 {loses after} 37.
Qf3 Rxg6 38. Bxf5 Rag8 39. Rxg6 Rxg6 40. Qxh5) 37. Bd1 Rae8 38. Rxh6+ 1-0

[Event "London FIDE GP 1st"]
[Site "London"]
[Date "2012.10.01"]
[Round "9"]
[White "Adams, Michael"]
[Black "Nakamura, Hikaru"]
[Result "1-0"]
[WhiteElo "2722"]
[BlackElo "2783"]
[Annotator "Erenburg,S"]
[PlyCount "71"]
[EventDate "2012.09.21"]
[EventType "tourn"]
[EventRounds "11"]
[EventCountry "ENG"]
[EventCategory "20"]
[SourceTitle "CBM 151"]
[Source "ChessBase"]
[SourceDate "2012.11.13"]
[SourceVersion "1"]
[SourceVersionDate "2012.11.13"]
[SourceQuality "1"]

1. e4 c6 2. d4 d5 3. Nd2 dxe4 4. Nxe4 Bf5 5. Ng3 Bg6 6. h4 h6 7. Nf3 Nd7 8. h5
Bh7 9. Bd3 Bxd3 10. Qxd3 e6 11. Bd2 Ngf6 12. O-O-O Qc7 {A very flexible move.
Black keeps all the options open. Depending on what White is going to do,
Black can either castle short or long, or even leave the king in the centre
and carry out the c6-c5 counter-strike in the centre.} 13. Ne4 Be7 14. Kb1 {
White is making a good prophylactic move and waiting for targets to be
clarified.} Rd8 {Now it's clear that Black is going to castle short, sooner or
later. All this is theory, but Black's last move is considered to be a bit off
the mainstream.} 15. Nxf6+ Nxf6 16. Qe2 {White is prepared to push the g-pawn
forward. Black won't be able to capture it, as after Rg1, f5 won't be playable,
since the e6-pawn is under attack.} c5 {This line had a good reputation before
this game. However, the guru of Caro-Kann continued} (16... Qb6 {and equalised
after} 17. Bc1 Qb5 {That's the idea! The Black is transferring his queen to
the kingside.} 18. c4 Qf5+ 19. Ka1 Nxh5 (19... O-O 20. Ne5 c5 21. f3 $1 Rxd4
22. g4 Qh7 23. Be3 $44) 20. Ne5 (20. d5 $1 {[%cal Yf3d4]} Nf6 21. dxc6 bxc6 22.
Ne5 Qe4 23. Qxe4 Nxe4 24. f3 $14) 20... Nf4 21. Qe3 Ng6 22. g4 Qf6 23. f4 {
1/2-1/2 Vallejo Pons,F (2677)-Dreev,A (2705)/Albox 2005/CBM 106 ext} (23. f4
Nxe5 24. dxe5 Qg6 25. Rxd8+ Bxd8 26. Qa3 Qe4 $1 $11)) 17. dxc5 Qxc5 {Black
preferred to take on c5 with the queen, leaving the bishop on e7, from where
it covers some important dark squares.} ({It seems too risky to castle right
now:} 17... O-O 18. g4 $1 Qxc5 19. g5 hxg5 20. h6 g6 21. Nxg5 $36 {1-0
Aveskulov,V (2532)-Harutjunyan,G (2423)/Kharkov 2008/CBM 123 Extra (62)}) (
17... Bxc5 18. Ne5 (18. Bc3 $5) 18... O-O 19. g4 Bd4 (19... Rd4 $5 {[%cal
Yd4e4,Yf8d8]}) 20. Nd3 Rd5 21. Rhg1 Rc8 $2 (21... Qc4 $1) 22. c3 Bc5 23. g5 $40
{1-0 Xie Jun (2569)-Kachiani Gersinska,K (2441)/Mallorca 2004/CBM 102 ext (43)}
) 18. Ne5 (18. g4 {is met by} Nxg4 19. Rhg1 (19. Rdg1 Qxf2 20. Qe4 (20. Qb5+
Rd7) 20... f5 21. Qxe6 Qxf3 22. Bb4 Rd7 23. Bxe7 Qd5 24. Qg6+ Qf7 $15) 19...
Qxh5 {and Black seems to be fine.} (19... Qxf2 20. Qb5+)) 18... Rd4 {Black is
trying to undermine White's superiority in the centre.} ({The more natural
move does not seem to make a significant difference:} 18... O-O 19. f4 (19. g4
Rd4 $1) 19... b5 (19... Qb6 20. g4) 20. g4 Rd5 21. Rhe1 (21. g5 $5 hxg5 22. Ng6
$1 Rfd8 23. fxg5 Ne4 24. Nxe7+ Qxe7 25. Qxe4 Rxd2 26. Rxd2 Rxd2 27. g6 $14)
21... Rc8 22. c3 Rcd8 $6 (22... Bd6 $142) 23. g5 hxg5 24. fxg5 Ne4 25. Qxe4
Rxd2 26. Rxd2 Rxd2 27. g6 $18 {1/2-1/2 Mamedov,N (2392)-Maherramzade,J (2459)/
Baku 2001/EXT 2002 (33)}) {It makes sense to leave the knight in the centre
and continue building up the attack on the kingside.} 19. f4 $1 $146 ({In the
preceding game, White got nothing after} 19. Nd3 Qb5 20. Bc3 Ra4 21. b3 O-O
$132 {1/2-1/2 Hou,Y (2513)-Kachiani Gersinska,K (2375)/Ekaterinburg 2007/CBM
118 ext (22)}) 19... O-O {Black is about to double his rook along the d-file,
which would stop White's attack. But Adams had other plans...} 20. c3 $1 {
Driving away the rook from the active position.} Ra4 $4 {Although Black did
not blunder anything, he created disharmony in his position. I think that the
rook had to be kept on the d-file.} ({Although after} 20... Rd5 {I was not
able to find the way to equalise for Black, his position is still solid:} 21.
g4 Bd6 (21... Rfd8 22. g5 hxg5 23. h6 $1 gxh6 24. Rxh6 {[%cal Ye2h2]} Rxd2 25.
Rxd2 Qg1+ 26. Kc2 Rxd2+ 27. Qxd2 Nd5 28. Nf3 $1 Qg4 29. Qd3 Qf5 30. Qxf5 Ne3+
31. Kd3 Nxf5 32. Rh2 gxf4 33. Rd2 $14 {[%cal Yd3e4]}) 22. c4 Rd4 23. Bc3 $1
Bxe5 (23... Rxf4 24. Nd3) 24. fxe5 Rxd1+ 25. Rxd1 Nh7 26. b3 Ng5 27. Kb2 $14 (
27. Rd7 b5)) (20... Re4 21. Qf3 Rd8 22. g4 $36) 21. c4 $1 {Not only is Black's
rook out of the game, White is going to place his bishop on the long diagonal
and take control over the only open file. I think that Nakamura did not
realise that he has no way to create any threats on the queenside when he
played 20...Ra4.} Bd6 {In bad position, all the moves are bad. Black is trying
to trade some of White's active pieces. The problem is that there are way too
many of them...} ({Unfortunately for Nakamura, Black fails to create any kind
of counterplay here:} 21... b5 22. Be3 $1 Qc7 23. b3 Ra5 (23... Ra3 24. cxb5
Nd5 25. Bd4 $18 {[%cal Ye5c4]}) 24. cxb5 Nd5 25. Rxd5 exd5 26. Rc1 $16 {
[%cal Ya2a4]}) 22. Bc3 $16 {/+-. White completely dominates the board and
Black has no counterplay whatsoever. Now White is in ideal position to proceed
with the attack on the kingside by pushing his g-pawn forward. I suspect that
by not giving White a decisive advantage, I'm being unfair to Adams, since I
could not come up with any serious improvement for Nakamura's play...} Bxe5 (
22... Qc7 {would not change anything, since after} 23. b3 Ra6 24. g4 $40 {
White's attack is unlikely to be parried.}) (22... b5 23. b3 Ra3 (23... Ra6 24.
Bd4 $18) 24. Bd4 $18) 23. fxe5 Nh7 24. b3 Ra6 25. Rd7 {Yes, Black did get to
stop the attack, but at what cost? Black's pieces are completely uncoordinated,
White controls the only open file and is ready to turn his positional
advantage into a material one.} Ng5 26. Rhd1 Rb8 $2 {A blunder in a lost
position, which facilitates White's job.} ({The last practical chance was} 
26... b5 27. Bd4 Qc6 28. cxb5 Qxd7 29. Bc5 $18) 27. Rd8+ Rxd8 28. Rxd8+ Kh7 29.
Qc2+ $18 {White wins with the direct attack on the black monarch.} g6 30. Rd7
Kg8 31. hxg6 Kg7 32. gxf7 Nxf7 33. Qe2 Kg8 34. Qf3 Qf8 35. Rxb7 Qg7 36. Kb2 1-0

[Event "London Classic 4th"]
[Site "London"]
[Date "2012.12.03"]
[Round "3"]
[White "Adams, Michael"]
[Black "Polgar, Judit"]
[Result "1-0"]
[WhiteElo "2710"]
[BlackElo "2705"]
[Annotator "Adams,M"]
[PlyCount "71"]
[EventDate "2012.12.01"]
[EventType "tourn"]
[EventRounds "9"]
[EventCountry "ENG"]
[EventCategory "21"]
[SourceTitle "CBM 152"]
[Source "ChessBase"]
[SourceDate "2013.01.15"]
[SourceVersion "1"]
[SourceVersionDate "2013.01.15"]
[SourceQuality "1"]

1. e4 c5 2. Nf3 e6 3. g3 {Fianchettoing the bishop isn't normally a critical
strategy in the Sicilian but this particular line is quite tricky, and has
experienced a surge in popularity recently. Das Fianchettieren des Läufers ist
im Sizilianer normalerweise keine kritische Strategie, aber dieses spezielle
Abspiel ist recht trickreich und hat in letzter Zeit einen Anstieg an
Popularität erlebt.} Nc6 4. Bg2 Nf6 ({The other option is the logical Die
andere Option ist das logische} 4... d5) 5. Qe2 d5 6. exd5 ({White can also
continue in King's Indian Attack style with Weiß kann auch im Stil des
Königsindischen Angriffs fortsetzen mit} 6. d3 {or the immediate oder dem
sofortigen}) (6. e5 {but I had another plan in mind. , aber mir schwebte ein
anderer Plan vor.}) 6... Nxd5 7. O-O Be7 8. Rd1 {This is the idea, I want to
open the centre when my light squared bishop will keep a close eye on Black's
queenside. Dies ist die Idee, ich will das Zentrum öffnen, wonach mein
weißfeldriger Läufer den schwarzen Damenflügel genau im Auge behalten wird.}
O-O $6 ({From both a practical and objective point of view, it was wise to try
and impede my plan, as now the play becomes very one-sided. I had mainly
analysed Sowohl in praktischer als auch objektiver Hinsicht war es klug zu
versuchen, meinen Plan zu verhindern, denn nun wird das Spiel sehr einseitig.
In meiner Vorbereitung hatte ich vor allem} 8... Nd4 $1 9. Nxd4 cxd4 10. c4 {
in my preparation. After the knight moves away White will have a very
comfortable Benoni but it's unclear if this is enough for an advantage.
analysiert. Nachdem der Springer wegzieht, wird Weiß einen sehr bequemen
Benoni haben, aber es ist unklar, ob dies zu einem Vorteil reicht.}) ({Another
possibility is Eine weitere Möglichkeit ist} 8... Qb6 $5) 9. d4 cxd4 10. Nxd4
Nxd4 ({The alternative was Die Alternative war} 10... Qb6 {however after doch
nach} 11. Nf3 $1 {planning c4 I still like White's position. mit dem Plan c4
gefällt mir die Stellung von Weiß nach wie vor.} (11. Nxc6 $6 bxc6 12. c4 Ba6 {
is fine for Black. White can't continue ist in Ordnung für Schwarz. Weiß kann
nicht} 13. b3 $2 {due to fortsetzen wegen} Bf6 14. Bb2 Bxc4)) 11. Rxd4 Bf6 12.
Rd1 Qc7 13. c4 Nb4 ({During the game I thought the best try was Während der
Partie erachtete ich} 13... Nb6 $1 {als besten Versuch:} 14. Na3 (14. Nd2 $5)
14... Bd7 {planning ...Bc6 planend ...Bc6} 15. Bf4 Qc8 16. Nb5 e5 17. Nd6 Bg4 {
confusing the issue and creating some counter chances. , was Verwirrung
stiftet und einige Gegenchancen schafft.}) 14. Nc3 a6 ({I was expecting Ich
erwartete} 14... Bxc3 {but this allows me to play several moves with tempo ,
aber das erlaubt mir, mehrere Züge mit Tempo zu spielen.} 15. bxc3 Nc6 16. Ba3
Re8 ({After Nach} 16... Rd8 {back rank issues arise ergeben sich
Grundlinienfragen.} 17. Bxc6 bxc6 18. Qe5 Qb6 19. c5 ({During the game I was
calculating Während der Partie berechnete ich} 19. Bc5 Qa5 20. Bxa7 {but there
are several inaccuracies in this line. , aber dieses Abspiel enthält mehrere
Ungenauigkeiten.} ({wobei eine signifikante Verbesserung} 20. Be7 {being one
significant improvement. ist.})) 19... Qa5 20. Bb4 {is very strong ist sehr
stark.}) 17. Bd6 Qa5 18. Qb2 {and it's very hard for Black to complete
development. und es ist für Schwarz sehr schwierig die Entwicklung zu beenden.}
) 15. Bf4 {Forcing the e-pawn forward where it both blocks Black's bishop and
allows me access to the d5-square. Zwingt den e-Bauern vorwärts, wo er den
schwarzen Läufer blockiert und mir außerdem Zugang zu dem Feld d5 erlaubt.} e5
16. Be3 Be6 (16... Bf5 17. a3 Nc2 18. Nd5 Qd8 19. Bb6 {is also unappetising.
ist ebenfalls unappetitlich.}) 17. Nd5 Nxd5 ({If Falls} 17... Bxd5 18. cxd5 {
there is no time to save the knight and blockade the d-pawn. , so ist keine
Zeit, den Springer zu retten und den d-Bauern zu blockieren.}) 18. cxd5 ({
White retains some pressure after Weiß behauptet einigen Druck nach} 18. Bxd5 {
but this is much more dynamic. , aber dies ist viel dynamischer.}) 18... Bf5
19. d6 ({There is some logic to playing Es hat eine gewisse Logik, vor dem
Vorrücken des Bauern} 19. g4 {before advancing the pawn einzuschalten,} Bg6 20.
d6 {but I learnt from some unfortunate previous experiences that when playing
Judit it is desirable to keep your king as well protected as possible. , aber
ich habe aus einigen unglücklichen früheren Erlebnissen gelernt, dass es, wenn
man gegen Judit spielt, wünschenswert ist, seinen König möglichst gut
geschützt zu halten.}) 19... Qd7 20. Bb6 $1 {The key move preparing Rac1 or
Bc7. Der Schlüsselzug, der Rac1 oder Bc7 vorbereitet.} Rac8 ({It's important
that the move Black would like to play Wichtig ist, dass der Zug, den Schwarz
gerne spielen würde,} 20... Bd8 {simply loses a pawn. , einfach einen Bauern
verliert -} 21. Bxd8 Raxd8 22. Qxe5) (20... e4 {also doesn't work due to:
funktioniert ebenfalls nicht wegen} 21. Bxe4 Rfe8 22. Bxf5) ({After Nach} 20...
h5 21. Rac1 {it's hard to give Black good advice. fällt es schwer, Schwarz
einen guten Rat zu erteilen.}) 21. Bc7 Bg4 (21... Rxc7 22. dxc7 Qxc7 {doesn't
look very hopeful. stimmt nicht sehr hoffnungsfroh.}) 22. Bf3 h5 23. Rac1 Rfe8
({Auf} 23... Bg5 {is met by the strong folgt das starke} 24. Rc5 $1 {; the
rook does good work along the fifth rank. ; der Turm leistet auf der fünften
Reihe gute Arbeit.}) 24. Bxg4 hxg4 25. Qe4 $1 {Simple but effective, now pawns
start dropping off. Einfach, aber wirksam, jetzt beginnen die Bauern zu fallen.
} Bg5 (25... b5 26. Qc6 Red8 27. Qxa6 {is no better. ist nicht besser.}) 26.
Rc5 {Again the best post for the rook. Wieder der beste Posten für den Turm.}
Bd8 ({If Falls} 26... f5 27. Qxb7 e4 $2 28. Qd5+) 27. Qxb7 Re6 ({I was hoping
for the pretty finish Ich hoffte auf das hübsche Finale} 27... e4 $2 28. Qxc8
$1 Qxc8 29. d7) 28. Rdd5 ({The casual Das sorglose} 28. Qxa6 $6 Rxc7 29. dxc7
Qxd1+ 30. Qf1 Qxf1+ 31. Kxf1 Bxc7 32. Rxc7 {gives some fighting chances gibt
ein paar Kampfchancen.}) ({but the retreat aber der Rückzug} 28. Rcc1 {with
the same idea of allowing the rooks to defend each other was also good. mit
der gleichen Idee, die Türme sich gegenseitig decken zu lassen, war ebenfalls
gut.}) 28... Rf6 ({The best try was Der beste Versuch war} 28... e4 29. Qc6
Qxc6 30. Rxc6 Bxc7 {although White should win this ending without many
problems. I thought , obwohl Weiß dieses Endspiel ohne viele Probleme gewinnen
sollte. Ich dachte, dass} 31. Rc4 {might be the most efficient here. hier
vielleicht am wirksamsten wäre.}) 29. Qxa6 $1 {Collecting material and
regrouping with the queen to prevent any counterplay. Sammelt Material ein und
gruppiert die Dame um, damit jegliches Gegenspiel verhindert wird.} Qf5 30. Qe2
Qb1+ 31. Rd1 Qxa2 32. Rxe5 (32. Qxg4 Qxb2 {is less clear-cut. ist weniger klar.
}) 32... Bxc7 33. Re8+ Rxe8 ({After Nach} 33... Kh7 34. dxc7 (34. Rxc8 {
also wins gewinnt auch.}) 34... Rxc7 35. Qe4+ g6 ({or oder} 35... Rg6 36. Rdd8)
36. Qxg4 {the attack is decisive. ist der Angriff entscheidend.}) 34. Qxe8+ Kh7
35. dxc7 Qa7 ({There is no perpetual after Es gibt kein Dauerschach nach} 35...
Qxb2 36. Rf1 Rxf2 37. Rxf2 Qb1+ 38. Kg2 Qb7+ 39. Kf1) 36. Qe4+ (36. Qe4+ {
Black resigned as Schwarz gab auf, denn} g6 37. Qc2 {wins easily. gewinnt
leicht.}) 1-0

[Event "Alekhine Memorial"]
[Site "Paris/St Petersburg"]
[Date "2013.04.21"]
[Round "1"]
[White "Anand, Viswanathan"]
[Black "Adams, Michael"]
[Result "0-1"]
[WhiteElo "2783"]
[BlackElo "2727"]
[PlyCount "112"]
[EventDate "2013.04.21"]
[EventType "tourn"]
[EventRounds "9"]
[EventCountry "FRA"]
[EventCategory "20"]
[SourceTitle "CBM 154"]
[Source "ChessBase"]
[SourceDate "2013.05.15"]
[SourceVersion "1"]
[SourceVersionDate "2013.05.15"]
[SourceQuality "1"]

1. e4 e5 2. Nf3 Nc6 3. Bb5 a6 4. Ba4 Nf6 5. O-O Be7 6. Re1 b5 7. Bb3 O-O 8. a4
b4 9. d4 d6 10. dxe5 dxe5 11. Qxd8 Rxd8 12. Nbd2 Bc5 13. Bc4 Ng4 14. Re2 Na5
15. Bd5 Rb8 16. Nb3 Nxb3 17. cxb3 h6 18. h3 Nf6 19. Nxe5 Nxd5 20. exd5 Rxd5 21.
Bf4 Be6 22. Rc1 Bd6 23. Bg3 Re8 24. Re3 c5 25. Nd3 Bxg3 26. fxg3 Red8 27. Nf4
Rd1+ 28. Rxd1 Rxd1+ 29. Kh2 Rd2 30. Nxe6 fxe6 31. Rxe6 Rxb2 32. Rxa6 Rxb3 33.
Rc6 Rc3 34. a5 Kf7 35. a6 Ke7 36. a7 Ra3 37. Rxc5 Rxa7 38. Rb5 Ra4 39. Rb7+ Kd6
40. Rxg7 Kc5 41. Rc7+ Kd4 42. Rd7+ Kc3 43. Rc7+ Kd3 44. Rb7 Kc3 45. Rc7+ Kb2
46. Rc6 b3 47. Rxh6 Kc3 48. Rb6 b2 49. Rxb2 Kxb2 50. g4 Kc3 51. Kg3 Re4 52. Kh4
Kd4 53. Kg5 Ke5 54. Kg6 Re2 55. g5 Rxg2 56. h4 Kf4 0-1